Siyasi müesseseler ve anayasa hukuku / (Record no. 14676)
[ view plain ]
| 000 -BAŞLIK | |
|---|---|
| Sabit Uzunlukta Kontrol Alanı | 00701nam a2200217 4500 |
| 999 ## - SİSTEM KONTROL NUMARALARI (KOHA) | |
| Koha Biblionumber | 14676 |
| Koha Biblioitemnumber | 14676 |
| 003 - KONTROL NUMARASI IDENTIFIER | |
| Denetim Alanı | MIRAKIL |
| 005 - SON İŞLEM TARİHİ VE ZAMANI | |
| Denetim Alanı | 20211213120515.0 |
| 008 - SABİT-BOY VERİ ELEMANLARI - GENEL BİLGİLER | |
| Sabit Uzunlukta Kontrol Alanı | 211213b tu ||||| |||| 00| 0 tur d |
| 040 ## - KATALOGLAMA KAYNAK | |
| Orijinal Kataloglama Ajansı | TR-AnCHP |
| Metne Dönüştürmek Ajansı | TR-AnCHP |
| 041 ## - DİL KODU | |
| Metin / Ses Parça Veya Ayrı Başlığın Dil Kodu | tur |
| 082 ## - DEWEY ONLU SINIFLANDIRMA NUMARASI | |
| Sınıflandırma Numarası | 342.561 |
| Ürün Numarası | T85s 1975 |
| 100 1# - ANA GİRİŞ - KİŞİSEL İSİM | |
| Kişisel Ad | Tunaya, Tarık Zafer |
| 245 10 - BAŞLIK TABLOSU | |
| Başlık | Siyasi müesseseler ve anayasa hukuku / |
| Sorumluluk Tablosu, Vb | Tarık zafer Tunaya |
| 250 ## - EDITION TABLOSU | |
| Baskı Beyanı | 3 bs. |
| 260 ## - YAYIN, DAĞITIM, VB | |
| Yayın, Dağıtım, Vb Yeri | İstanbul: |
| Yayıncı, Dağıtıcı, Vs Adı | İstanbul Üniversitesi Yayınları, |
| Yayın, Dağıtım, Vb Tarihi | 1975. |
| 300 ## - FİZİKSEL TANIM | |
| Kapsam | 789 s.: |
| Boyutlar | 24 sm. |
| 490 0# - SERİSİ TABLOSU | |
| Seri Beyanı | İstanbul Üniversitesi Yayınları; |
| -- | Hukuk Fakültesi Yayınları; |
| Hacim / Ardışık Tanımı | 2047. |
| -- | 454. |
| 504 ## - KAYNAKÇA VB NOT | |
| Kaynakça Vb Notu | Bibliyografik bilgi içerir. |
| 650 #0 - KONU KATMA GİRİŞ - TOPİKAL DÖNEM | |
| 9 (RLIN) | 5811 |
| Topikal Süreli Veya Coğrafi Ad Giriş Elemanı | Anayasa Hukuku |
| Genel Alt Bölümü | Türkiye |
| 942 ## - EKLENDİ GİRİŞ ELEMANLARI (KOHA) | |
| Sınıflandırma Veya Raf Düzeni Kaynak | Dewey Decimal Classification |
| Koha Öğesi Türü | Books |
| Kalıcı Konum | Mevcut Konum | Edinme Tarihi | Toplam Check-Out'Lar | Tam Çağrı Numarası | Barkod | Tarih Son Görülme | İtibaren Geçerli Fiyatlar | Sigara Kamu Notu | Koha Öğesi Türü |
|---|---|---|---|---|---|---|---|---|---|
| CHP Kütüphanesi | CHP Kütüphanesi | 12/13/2021 | 342.561 T85s 1975 | 020162 | 12/13/2021 | 12/13/2021 | Emin Değer Bağışıdır. | Books |
